Human-centered built environment heritage preservation : (Record no. 7705)

000 -LEADER
fixed length control field 00871cam a2200241 i 4500
003 - CONTROL NUMBER IDENTIFIER
control field OSt
005 - DATE AND TIME OF LATEST TRANSACTION
control field 20200317170008.0
008 - FIXED-LENGTH DATA ELEMENTS--GENERAL INFORMATION
fixed length control field 190627t20192019nyua b 001 0 eng d
020 ## - INTERNATIONAL STANDARD BOOK NUMBER
International Standard Book Number 9781138583955
Qualifying information paperback
020 ## - INTERNATIONAL STANDARD BOOK NUMBER
Cancelled/invalid ISBN 042950635X
Qualifying information ebook
082 04 - DEWEY DECIMAL CLASSIFICATION NUMBER
Classification number 363.69
Edition number 23
Item number WEL
245 00 - TITLE STATEMENT
Title Human-centered built environment heritage preservation :
Remainder of title theory and evidence-based practice /
Statement of responsibility, etc edited by Jeremy C. Wells and Barry L. Stiefel.
300 ## - PHYSICAL DESCRIPTION
Extent xv, 353 pages :
Other physical details illustrations ;
Dimensions 26 cm
504 ## - BIBLIOGRAPHY, ETC. NOTE
Bibliography, etc Includes bibliographical references and index.
650 #0 - SUBJECT ADDED ENTRY--TOPICAL TERM
Topical term or geographic name as entry element Historic preservation
General subdivision Environmental aspects.
650 #0 - SUBJECT ADDED ENTRY--TOPICAL TERM
Topical term or geographic name as entry element Sustainable design.
650 #0 - SUBJECT ADDED ENTRY--TOPICAL TERM
Topical term or geographic name as entry element Environmental protection.
650 #7 - SUBJECT ADDED ENTRY--TOPICAL TERM
Topical term or geographic name as entry element Environmental protection.
Source of heading or term fast
650 #7 - SUBJECT ADDED ENTRY--TOPICAL TERM
Topical term or geographic name as entry element Sustainable design.
Source of heading or term fast
700 1# - ADDED ENTRY--PERSONAL NAME
Personal name Wells, Jeremy C.,
Relator term editor.
700 1# - ADDED ENTRY--PERSONAL NAME
Personal name Stiefel, Barry,
Relator term editor.
942 ## - ADDED ENTRY ELEMENTS (KOHA)
Source of classification or shelving scheme
Holdings
Withdrawn status Lost status Source of classification or shelving scheme Damaged status Koha normalized classification for sorting Not for loan Permanent location Current location Date acquired Total Checkouts Full call number Barcode Date last seen Date last borrowed Price effective from Koha item type
        363_690000000000000_WEL   BMS College of Architecture, Design and Planning BMS College of Architecture, Design and Planning 2020-03-17 2 363.69 WEL AR-UG1495 2026-02-10 2026-01-27 2020-03-17 UG Books
Copyright © 2025, The Librarian, Library and Information Centre, BMSCA D&P, Bengaluru. All Rights Reserved
web counter

Powered by Koha